| 000 | 00342nam a22001337a 4500 | ||
|---|---|---|---|
| 008 | 180928b xxu||||| |||| 00| 0 eng d | ||
| 020 | _a9781557982414 | ||
| 041 | _aeng | ||
| 080 |
_24 ed _a158.9 |
||
| 100 | _a48 | ||
| 101 | _aPSI | ||
| 245 |
_aPublication Manual Of The American Psyxhological Association _cJames,p |
||
| 942 |
_2udc _cBK |
||
| 999 |
_c48681 _d48681 |
||